| 000 | 00738nam a2200253 a 4500 | ||
|---|---|---|---|
| 005 | 20210223124042.0 | ||
| 008 | 991125n 000 0 eng u | ||
| 035 | _aUPN01000103638 | ||
| 100 | _aKonrad, Alison M. | ||
| 222 | _aSOCIOLOGY OF EDUCATION | ||
| 245 | _aUnderstanding the hiring of women and minorities in educational institutions | ||
| 300 | _a141-157 | ||
| 362 | _a1991 64, No. 3 | ||
| 505 | _aMayo 1992 | ||
| 653 | 0 | _aADMINISTRACION EDUCATIVA | |
| 653 | 0 | _aDISCRIMINACION ETNICA | |
| 653 | 0 | _aDISCRIMINACION SEXUAL | |
| 653 | 0 | _aGRUPOS MINORITARIOS | |
| 653 | 0 | _aMUJERES ADMINISTRADORAS | |
| 653 | 0 | _aSELECCION DE PERSONAL | |
| 700 | 1 |
_aPfeffer, Jeffrey _929837 |
|
| 904 |
_aAC _b041449 |
||
| 905 | _aArticulo | ||
| 999 |
_c78661 _d78661 |
||